| 000 | 00679nam a2200193 a 4500 | ||
|---|---|---|---|
| 001 | 000031799 | ||
| 005 | 20240409073643.0 | ||
| 008 | 110706t194u dr ac 000 0 spa d | ||
| 040 |
_aDO-SdBNP _bspa _cBNPHU |
||
| 082 | _aF-RD 61 | ||
| 245 | 0 | 0 |
_aTrujillo perdona / _cFélix W. Bernardino. |
| 260 |
_a[Ciudad Trujillo, República Dominicana : _bs.n., _c194?]. |
||
| 300 |
_a62 p. : _bil., retrs. ; _c21 cm. |
||
| 650 | 4 |
_aPersecuciones políticas _xRepública dominicana _944738 |
|
| 651 | 4 |
_aRepública Dominicana _xPolítica Y Gobierno _yERA DE TRUJILLO, 1930-1961 _91374 |
|
| 700 | 1 |
_aBernardino, Félix W. _958018 |
|
| 910 | _aValidado. Control de calidad EMS. | ||
| 049 | _aBNPD | ||
| 999 |
_c31291 _d31291 |
||